000 00947nam a22002417a 4500
003 UA-OsUOA
001 32912
007 ta
008 20050218b un ||||| |||| 00| 0 ukr d
090 _a330.33(470+571)
_bК66
942 _cBK
040 _aUA-OsUOA
_brus
_cUA-OsUOA
_dUA-OsUOA
245 _aКорпоративная социальная ответственность: общественные ожидания.
_bПотребители, менеджеры, лидеры общественного мнения и эксперты оценивают социальную роль бизнеса в России
_cРед. С. Е.Литовченко М. И.Корсаков
300 _a100 с.
_bІлюстрації
955 _a0
041 _arus
080 _a330.33(470+571)
020 _a5-902500-01-Х
260 _aМ.
_bАссоциация менеджеров
_c2003
044 _aRU
650 7 _2UDC
999 _c319365
_d319365